Vaiana - Statistiques

Statistiques générales
  • Ce quiz a été pris 513 fois
  • Le résultat moyen est 8 sur 15
Statistiques - réponses
Hint Réponse % Correct
Sous quelle forme apparaît l'esprit de mémé Tala ? Raie manta
82%
Quel chanson interprète Maui ? Pour les hommes
78%
Demi-dieu métamorphe du vent et de la mer ... Maui
73%
Comment s'appelle le coq de Vaiana ? Heihei
63%
Sur quel île vit Vaiana ? Motunui
62%
Comment s'appelle la grand-mère de Vaiana ? Tala
60%
Quel est l'arme de Maui ? Hameçon
58%
Qui est la déesse de Motunui ? Te Fiti
57%
Où Vaiana n'a t-elle pas le droit d'aller ? Océan
53%
Comment s'appelle le cochon de Vaiana ? Pua
52%
Qui est le démon de la terre et du feu ? Te Ka
52%
Quelle est la vraie identité du peuple de Vaiana ? Explorateur
43%
Sur quoi Vaiana va t-elle naviguer ? Pirogue
41%
Qui chante "bling bling" ? Tamatoa
38%
Comment s'appelle le royaume des monstres ? Lalotai
12%
Aucun quiz correspondant
Distribution des résultats
% des personnes avec chaque résultat
Percentile par nombre de réponses
Votre historique - résultats
Vous n’avez pas pris ce quiz